(Five hundred) 500 fantastic facts / (Record no. 13379)

MARC details
000 -LEADER
fixed length control field 00740nam a22002297a 4500
005 - DATE AND TIME OF LATEST TRANSACTION
control field 20080606150712.0
006 - FIXED-LENGTH DATA ELEMENTS--ADDITIONAL MATERIAL CHARACTERISTICS--GENERAL INFORMATION
fixed length control field a|||||r|||||00| 0
007 - PHYSICAL DESCRIPTION FIXED FIELD--GENERAL INFORMATION
fixed length control field ta
008 - FIXED-LENGTH DATA ELEMENTS--GENERAL INFORMATION
fixed length control field 080606t xxu||||| |||| 00| 0 eng d
020 ## - INTERNATIONAL STANDARD BOOK NUMBER
International Standard Book Number 0755411277
Terms of availability *
040 ## - CATALOGING SOURCE
Original cataloging agency DPL
Language of cataloging EN
082 ## - DEWEY DECIMAL CLASSIFICATION NUMBER
Classification number / ELD
100 ## - MAIN ENTRY--PERSONAL NAME
Personal name Eldin, Peter
245 ## - TITLE STATEMENT
Title (Five hundred) 500 fantastic facts /
Statement of responsibility, etc Peter Eldin; edited by Nichola Tyrrell
260 ## - PUBLICATION, DISTRIBUTION, ETC. (IMPRINT)
Place of publication, distribution, etc Bath
Name of publisher, distributor, etc Robert Frederick
Date of publication, distribution, etc 2006
260 ## - PUBLICATION, DISTRIBUTION, ETC. (IMPRINT)
Name of publisher, distributor, etc Blue Berry (Vender)
270 ## - ADDRESS
City Bath
Address 4, North Parade,
300 ## - PHYSICAL DESCRIPTION
Extent 90p..:
Other physical details col. ill.
Dimensions 28 cm (Hb)
700 ## - ADDED ENTRY--PERSONAL NAME
Personal name Tyrrell, Nichola
942 ## - ADDED ENTRY ELEMENTS (KOHA)
Source of classification or shelving scheme Dewey Decimal Classification
Koha item type Children Books
Classification part / ELD
Holdings
Withdrawn status Lost status Damaged status Not for loan Collection code Home library Current library Date acquired Cost, normal purchase price Total Checkouts Full call number Barcode Date last seen Cost, replacement price Price effective from Koha item type
        Non-fiction Andrews Gunj Andrews Gunj 06/06/2008 0.00   / ELD 242 15/09/2008 0.00 15/09/2008 Children Books

© Delhi Public Library
Hit Counter
free hit counter